[Event "Titled Tuesday intern op 5th May"]
[Site "Chess.com INT"]
[Date "2020.05.05"]
[Round "1"]
[White "Kim, Sergey2222"]
[Black "Arnason, Jon Loftur"]
[Result "1-0"]
[WhiteElo "2295"]
[BlackElo "2410"]
[PlyCount "71"]
[EventDate "2020.05.05"]
[EventType "swiss (blitz)"]
[EventRounds "10"]
[EventCountry "USA"]
[SourceTitle "CBM 196 Extra"]
[Source "ChessBase"]
[SourceDate "2020.07.31"]
[SourceVersion "1"]
[SourceVersionDate "2020.07.31"]
[SourceQuality "1"]

1. d4 d5 2. c4 dxc4 3. e3 Nf6 4. Bxc4 e6 5. Nf3 a6 6. a4 c5 7. 0-0 Qc7 8. Qe2 Nbd7 9. Nc3 Be7 10. Rd1 0-0 11. d5 exd5 12. Bxd5 Nb6 13. Ba2 Bg4 14. h3 Bh5 15. a5 Nbd7 16. e4 Ne5 17. g4 Bg6 18. Bf4 Nxf3+ 19. Qxf3 Qc6 20. Nd5 Bd8 21. e5 Be4 22. Nxf6+ Bxf6 23. Qg3 Be7 24. Bc4 Rad8 25. Be2 Rd4 26. Be3 Rb4 27. f3 Bd5 28. Rd2 Rb3 29. Qf2 c4 30. Bd4 Bb4 31. Rc2 Rd8 32. Rac1 Bxf3 33. Rxc4 Qd5 34. Bf1 Bf8 35. Bc3 h5 36. Rd4 1-0

[Event "Titled Tuesday intern op 5th May"]
[Site "Chess.com INT"]
[Date "2020.05.05"]
[Round "6"]
[White "Petrov, Martin"]
[Black "Arnason, Jon Loftur"]
[Result "1-0"]
[WhiteElo "2520"]
[BlackElo "2410"]
[PlyCount "55"]
[EventDate "2020.05.05"]
[EventType "swiss (blitz)"]
[EventRounds "10"]
[EventCountry "USA"]
[SourceTitle "CBM 196 Extra"]
[Source "ChessBase"]
[SourceDate "2020.07.31"]
[SourceVersion "1"]
[SourceVersionDate "2020.07.31"]
[SourceQuality "1"]

1. e4 e5 2. Nf3 Nc6 3. Bc4 Nf6 4. d3 Bc5 5. 0-0 d6 6. c3 h6 7. b4 Bb6 8. h3 a5 9. b5 Ne7 10. Nbd2 Ng6 11. d4 0-0 12. Re1 a4 13. Bd3 Nf4 14. Bc2 Re8 15. Nf1 a3 16. dxe5 dxe5 17. Qxd8 Rxd8 18. Nxe5 Ne6 19. Ng3 Nc5 20. Be3 Be6 21. f4 Na4 22. f5 Bd7 23. Bb3 Be8 24. Bxb6 Nxb6 25. Rad1 Nbd7 26. Nd3 Nb6 27. e5 Nfd5 28. Ne4 1-0

[Event "ISL-chT1 1920"]
[Site "Reykjavik"]
[Date "2019.10.04"]
[Round "2.3"]
[White "Sigurjonsson, Stefan Thor"]
[Black "Arnason, Jon Loftur"]
[Result "1/2-1/2"]
[WhiteElo "2080"]
[BlackElo "2422"]
[PlyCount "56"]
[EventDate "2019.10.03"]
[EventType "team-tourn"]
[EventRounds "9"]
[EventCountry "ISL"]
[SourceTitle "CBM 195 Extra"]
[Source "ChessBase"]
[SourceDate "2020.05.31"]
[SourceVersion "1"]
[SourceVersionDate "2020.05.31"]
[SourceQuality "1"]
[WhiteTeam "Vikingaklubburinn II"]
[BlackTeam "Vikingaklubburinn"]
[WhiteTeamCountry "ISL"]
[BlackTeamCountry "ISL"]

1. e4 c5 2. d4 cxd4 3. c3 dxc3 4. Nxc3 Nc6 5. Nf3 e6 6. Bc4 a6 7. a4 Nge7 8. 0-0 Ng6 9. Qe2 Be7 10. Be3 0-0 11. Rad1 Qc7 12. Nd4 Kh8 13. Nxc6 bxc6 14. f4 d5 15. f5 Ne5 16. exd5 cxd5 17. Ba2 Nc4 18. Bc1 Nd6 19. fxe6 fxe6 20. Bxd5 exd5 21. Nxd5 Qa7+ 22. Be3 Qb7 23. Nxe7 Rxf1+ 24. Qxf1 Qxe7 25. Bc5 Bd7 26. Bxd6 Qe3+ 27. Qf2 Qxf2+ 28. Kxf2 Bxa4 1/2-1/2

[Event "WchT Seniors 50"]
[Site "Rhodes"]
[Date "2019.04.22"]
[Round "7.3"]
[White "Arnason, Jon Loftur"]
[Black "Movsziszian, Karen"]
[Result "1/2-1/2"]
[WhiteElo "2423"]
[BlackElo "2485"]
[PlyCount "109"]
[EventDate "2019.04.16"]
[EventType "team-swiss"]
[EventRounds "9"]
[EventCountry "GRE"]
[SourceTitle "CBM 190 Extra"]
[Source "ChessBase"]
[SourceDate "2019.07.15"]
[SourceVersion "1"]
[SourceVersionDate "2019.07.15"]
[SourceQuality "1"]
[WhiteTeam "Iceland"]
[BlackTeam "Armenia"]
[WhiteTeamCountry "ISL"]
[BlackTeamCountry "ARM"]

1. e4 g6 2. d4 Bg7 3. Nc3 c6 4. Nf3 d6 5. Bc4 Nf6 6. Bb3 Bg4 7. h3 Bxf3 8. Qxf3 Nbd7 9. Be3 0-0 10. 0-0 e5 11. Rad1 Qe7 12. Rfe1 h6 13. Qe2 b5 14. dxe5 Nxe5 15. Qd2 b4 16. Na4 c5 17. Qxd6 Qxd6 18. Rxd6 Nxe4 19. Rd5 c4 20. Bd4 cxb3 21. axb3 Nf3+ 22. gxf3 Ng5 23. Kg2 Ne6 24. Bxg7 Kxg7 25. Re4 Rfc8 26. Rd7 Kf6 27. c3 bxc3 28. Nxc3 Rd8 29. Rb7 g5 30. Ra4 Kg6 31. Ne4 a5 32. Rb5 Nf4+ 33. Kh2 Rd3 34. Kg3 Rd1 35. Kh2 Rad8 36. Rb6+ Kg7 37. Rxa5 R8d3 38. Ng3 Ne6 39. Nf5+ Kg6 40. Ne3 Rb1 41. Rd5 Rxd5 42. Nxd5 Rxb2 43. Nc7 Rxf2+ 44. Kg3 Re2 45. b4 Kf5 46. Nxe6 fxe6 47. Rb8 Rb2 48. b5 h5 49. h4 gxh4+ 50. Kxh4 Kf4 51. Rf8+ Ke3 52. Re8 Rxb5 53. Rxe6+ Kxf3 54. Rf6+ Ke3 55. Rf8 1/2-1/2

[Event "ISL-chT 1617"]
[Site "Reykjavik"]
[Date "2017.03.04"]
[Round "8.3"]
[White "Kjartansson, Gudmundur"]
[Black "Arnason, Jon Loftur"]
[Result "1/2-1/2"]
[WhiteElo "2442"]
[BlackElo "2478"]
[PlyCount "123"]
[EventDate "2016.09.29"]
[EventType "team-tourn"]
[EventRounds "9"]
[EventCountry "ISL"]
[SourceTitle "EXT 2018"]
[Source "ChessBase"]
[SourceDate "2017.10.13"]
[SourceVersion "1"]
[SourceVersionDate "2017.10.13"]
[SourceQuality "1"]
[WhiteTeam "Reykjavik"]
[BlackTeam "Bolungarvik"]
[WhiteTeamCountry "ISL"]
[BlackTeamCountry "ISL"]

1. Nf3 Nf6 2. c4 b6 3. g3 c5 4. Bg2 Bb7 5. 0-0 g6 6. d4 cxd4 7. Qxd4 Bg7 8. Nc3 d6 9. Rd1 Nbd7 10. Be3 Rc8 11. Rac1 a6 12. Bh3 0-0 13. Qh4 Bxf3 14. exf3 Ne5 15. Kg2 Rxc4 16. Ne4 b5 17. Bd4 Nxe4 18. Qxe4 d5 19. Qe3 Rxc1 20. Qxc1 e6 21. Bxe5 Bxe5 22. f4 Bf6 23. Rd2 Qa5 24. b3 b4 25. Kg1 Bc3 26. Rc2 Rc8 27. Bf1 Rc6 28. h4 h5 29. Qd1 Kg7 30. Bd3 Qc7 31. Kg2 f6 32. f5 exf5 33. Qf3 Qd7 34. Be2 Re6 35. Bd3 a5 36. a4 Re4 37. Rxc3 bxc3 38. Bxe4 fxe4 39. Qxc3 d4 40. Qxa5 d3 41. Qd2 Qd5 42. f3 Qxb3 43. Kf2 Qxa4 44. Ke3 f5 45. Qc3+ Kf7 46. Qc7+ Ke6 47. Qc8+ Kd5 48. Qb7+ Qc6 49. fxe4+ fxe4 50. Qb3+ Ke5 51. Qb2+ Kf5 52. Qf2+ Ke6 53. Qa2+ Qd5 54. Qa6+ Kf5 55. Qc8+ Qe6 56. Qf8+ Ke5 57. Qc5+ Kf6 58. Qf8+ Qf7 59. Qd6+ Qe6 60. Qf8+ Ke5 61. Qc5+ Kf6 62. Qf8+ 1/2-1/2

[Event "WchT Seniors 50"]
[Site "Radebeul"]
[Date "2016.06.28"]
[Round "3.4"]
[White "Espig, Lutz"]
[Black "Arnason, Jon Loftur"]
[Result "1/2-1/2"]
[WhiteElo "2263"]
[BlackElo "2490"]
[PlyCount "75"]
[EventDate "2016.06.26"]
[EventType "team-swiss"]
[EventRounds "9"]
[EventCountry "GER"]
[SourceTitle "CBM 173 Extra"]
[Source "ChessBase"]
[SourceDate "2016.08.29"]
[SourceVersion "1"]
[SourceVersionDate "2016.08.29"]
[SourceQuality "1"]
[WhiteTeam "Thueringen"]
[BlackTeam "Iceland"]
[WhiteTeamCountry "GER"]
[BlackTeamCountry "ISL"]

1. Nf3 c5 2. c4 b6 3. g3 g6 4. Bg2 Bb7 5. 0-0 Bg7 6. Nc3 Nf6 7. d4 cxd4 8. Nxd4 Bxg2 9. Kxg2 0-0 10. e4 Qc7 11. Qd3 Na6 12. Bf4 Qb7 13. f3 d6 14. Be3 Rfc8 15. Rac1 Nd7 16. b3 Nac5 17. Qe2 Ne5 18. Rfd1 a6 19. Bf2 Rab8 20. f4 Ned7 21. Qf3 Re8 22. Nde2 Nf6 23. Bxc5 bxc5 24. e5 dxe5 25. fxe5 Ng4 26. Qxb7 Rxb7 27. Rd3 Nxe5 28. Rd5 Rc7 29. Na4 Rec8 30. Nb6 e6 31. Rd6 Rb8 32. Na4 Rd7 33. Rxd7 Nxd7 34. Rd1 Rb7 35. Rd6 Ra7 36. Rc6 Bf8 37. Nec3 Kg7 38. Nb1 1/2-1/2

[Event "EU-chT (Men) 20th"]
[Site "Reykjavik"]
[Date "2015.11.17"]
[Round "5.3"]
[White "Arnason, Jon Loftur"]
[Black "Schachinger, Mario"]
[Result "1-0"]
[WhiteElo "2500"]
[BlackElo "2451"]
[PlyCount "73"]
[EventDate "2015.11.13"]
[EventType "team-swiss"]
[EventRounds "9"]
[EventCountry "ISL"]
[SourceTitle "CBM 170"]
[Source "ChessBase"]
[SourceDate "2016.01.15"]
[SourceVersion "1"]
[SourceVersionDate "2016.01.15"]
[SourceQuality "1"]
[WhiteTeam "Iceland Legends"]
[BlackTeam "Austria"]
[WhiteTeamCountry "ISL"]
[BlackTeamCountry "AUT"]

1. e4 e5 2. Nf3 Nc6 3. Bb5 a6 4. Ba4 Nf6 5. 0-0 Be7 6. Re1 b5 7. Bb3 d6 8. c3 0-0 9. h3 Bb7 10. d4 Re8 11. Nbd2 Bf8 12. Bc2 h6 13. b3 b4 14. Bb2 bxc3 15. Bxc3 exd4 16. Nxd4 d5 17. Nxc6 Bxc6 18. e5 d4 19. Bb2 d3 20. Bb1 Bb4 21. Re3 Nd7 22. Nf3 Bxf3 23. Qxf3 d2 24. Be4 Rb8 25. Bd5 Rf8 26. Qg4 Nc5 27. e6 Qg5 28. exf7+ Kh7 29. Qc4 Rbd8 30. Rg3 Rxd5 31. Rxg5 d1Q+ 32. Rxd1 Rxd1+ 33. Kh2 hxg5 34. Qxb4 Rd5 35. Qc4 c6 36. Ba3 Ne6 37. Qe4+ 1-0

[Event "EU-chT (Men) 20th"]
[Site "Reykjavik"]
[Date "2015.11.15"]
[Round "3.3"]
[White "Yilmaz, Mustafa"]
[Black "Arnason, Jon Loftur"]
[Result "1-0"]
[WhiteElo "2594"]
[BlackElo "2500"]
[PlyCount "85"]
[EventDate "2015.11.13"]
[EventType "team-swiss"]
[EventRounds "9"]
[EventCountry "ISL"]
[SourceTitle "CBM 170"]
[Source "ChessBase"]
[SourceDate "2016.01.15"]
[SourceVersion "1"]
[SourceVersionDate "2016.01.15"]
[SourceQuality "1"]
[WhiteTeam "Turkey"]
[BlackTeam "Iceland Legends"]
[WhiteTeamCountry "TUR"]
[BlackTeamCountry "ISL"]

1. Nf3 c5 2. c4 Nc6 3. d4 cxd4 4. Nxd4 e6 5. Nc3 Qb6 6. Nb3 Nf6 7. a3 Be7 8. e4 0-0 9. Be2 d6 10. 0-0 Ne5 11. Be3 Qc7 12. Rc1 b6 13. f4 Ned7 14. Nd2 Bb7 15. b4 Rac8 16. Bd3 Ne8 17. Nb3 g6 18. a4 Ng7 19. Rf2 Qd8 20. Rfc2 f5 21. exf5 Nxf5 22. Bf2 Ng7 23. Be4 Qc7 24. Nb5 Qb8 25. Bxb7 Qxb7 26. Nxd6 Bxd6 27. Qxd6 Nf6 28. Bd4 Rcd8 29. Qe5 Ng4 30. Qg5 Qe4 31. Qxg4 Rxf4 32. Qe2 Rxd4 33. Nxd4 Qxd4+ 34. Kh1 Re4 35. Qd2 Qe5 36. Qc3 Qf4 37. Qg3 Qf8 38. c5 Nf5 39. Qf3 Re3 40. Qf2 bxc5 41. bxc5 Qh6 42. c6 Re2 43. c7 1-0

[Event "EU-chT (Men) 20th"]
[Site "Reykjavik"]
[Date "2015.11.14"]
[Round "2.2"]
[White "Arnason, Jon Loftur"]
[Black "Saraci, Nderim"]
[Result "1-0"]
[WhiteElo "2500"]
[BlackElo "2215"]
[PlyCount "97"]
[EventDate "2015.11.13"]
[EventType "team-swiss"]
[EventRounds "9"]
[EventCountry "ISL"]
[SourceTitle "CBM 170"]
[Source "ChessBase"]
[SourceDate "2016.01.15"]
[SourceVersion "1"]
[SourceVersionDate "2016.01.15"]
[SourceQuality "1"]
[WhiteTeam "Iceland Legends"]
[BlackTeam "Kosovo"]
[WhiteTeamCountry "ISL"]
[BlackTeamCountry "KOS"]

1. e4 c5 2. Nf3 d6 3. d4 cxd4 4. Nxd4 Nf6 5. Nc3 g6 6. Bc4 Bg7 7. h3 0-0 8. Be3 a6 9. Nde2 Nbd7 10. a4 b6 11. 0-0 Bb7 12. f3 Rc8 13. Ba2 Ne5 14. Qc1 Qc7 15. Rd1 Rfd8 16. Nf4 e6 17. Qd2 Bc6 18. Qf2 Rb8 19. Bb3 Ned7 20. Bc4 Bxe4 21. Bxe6 Bc6 22. Ba2 b5 23. axb5 axb5 24. Bd5 b4 25. Ra7 Qc8 26. Ne4 Bxd5 27. Nxd5 Nxd5 28. Rxd5 Nf6 29. Rxd6 Nxe4 30. fxe4 f6 31. Qd2 Rxd6 32. Qxd6 Qf8 33. Qd5+ Kh8 34. Rd7 Rc8 35. Bd4 Qg8 36. Qd6 Qf8 37. Qxf8+ Bxf8 38. Bxf6+ Kg8 39. e5 Rxc2 40. e6 Re2 41. e7 Bh6 42. g4 g5 43. h4 gxh4 44. g5 Kf7 45. Rb7 h3 46. Kh1 Re6 47. Kh2 Rxf6 48. gxf6 Bg5 49. Rb6 1-0

[Event "ISL-chT 1516"]
[Site "Reykjavik"]
[Date "2015.09.27"]
[Round "5.5"]
[White "Arnason, Jon Loftur"]
[Black "Hammer, Jon Ludvig"]
[Result "1/2-1/2"]
[WhiteElo "2499"]
[BlackElo "2683"]
[PlyCount "139"]
[EventDate "2015.09.24"]
[EventType "team-tourn"]
[EventRounds "9"]
[EventCountry "ISL"]
[SourceTitle "EXT 2017"]
[Source "ChessBase"]
[SourceDate "2016.10.25"]
[SourceVersion "1"]
[SourceVersionDate "2016.10.25"]
[SourceQuality "1"]
[WhiteTeam "Bolungarvik"]
[BlackTeam "Huginn"]
[WhiteTeamCountry "ISL"]
[BlackTeamCountry "ISL"]

1. e4 e5 2. Nf3 Nc6 3. Bb5 Nf6 4. 0-0 Nxe4 5. d4 Nd6 6. dxe5 Nxb5 7. a4 Nbd4 8. Nxd4 d5 9. exd6 Bxd6 10. Re1+ Be7 11. Nxc6 Qxd1 12. Rxd1 bxc6 13. Bf4 Rb8 14. b3 Bf5 15. Ra2 Rd8 16. Rxd8+ Kxd8 17. Nd2 Kc8 18. Kf1 Rd8 19. Ke2 g5 20. Be3 a6 21. Nf3 f6 22. Ne1 Bb4 23. Nd3 Bc3 24. a5 Be4 25. f3 Bxd3+ 26. cxd3 Re8 27. Kf2 Kd7 28. Rc2 Bxa5 29. Ra2 Bb4 30. Rxa6 Bd6 31. Ra1 Bxh2 32. Rh1 Bd6 33. Rxh7+ Ke6 34. Rh1 Ra8 35. Rb1 Ra2+ 36. Kf1 Bb4 37. Rc1 Kd5 38. Rc4 c5 39. f4 g4 40. f5 Ra1+ 41. Kf2 Rd1 42. Ke2 Re1+ 43. Kf2 g3+ 44. Kf3 Rf1+ 45. Ke2 Rb1 46. Bf4 Rb2+ 47. Kf3 Rxb3 48. Ke3 Be1 49. Bxc7 Rb2 50. Kf3 Rd2 51. Rc1 Bf2 52. Bxg3 Bd4 53. Bf4 Rxd3+ 54. Ke2 Rb3 55. Rc2 Ra3 56. g4 Ke4 57. Bd6 Rf3 58. Rd2 Re3+ 59. Kd1 Kf3 60. g5 fxg5 61. Rxd4 cxd4 62. f6 Rd3+ 63. Ke1 Re3+ 64. Kd1 Rd3+ 65. Ke1 Ke4 66. f7 Re3+ 67. Kd2 Rd3+ 68. Ke2 Re3+ 69. Kd2 Rd3+ 70. Ke2 1/2-1/2

[Event "ISL-chT 1516"]
[Site "Reykjavik"]
[Date "2015.09.26"]
[Round "4.1"]
[White "Korley, Kassa"]
[Black "Arnason, Jon Loftur"]
[Result "1/2-1/2"]
[WhiteElo "2409"]
[BlackElo "2499"]
[PlyCount "93"]
[EventDate "2015.09.24"]
[EventType "team-tourn"]
[EventRounds "9"]
[EventCountry "ISL"]
[SourceTitle "EXT 2017"]
[Source "ChessBase"]
[SourceDate "2016.10.25"]
[SourceVersion "1"]
[SourceVersionDate "2016.10.25"]
[SourceQuality "1"]
[WhiteTeam "KR CC"]
[BlackTeam "Bolungarvik"]
[WhiteTeamCountry "ISL"]
[BlackTeamCountry "ISL"]

1. d4 Nf6 2. c4 e6 3. Nf3 b6 4. a3 Ba6 5. Qc2 Bb7 6. Nc3 c5 7. e4 cxd4 8. Nxd4 d6 9. Be2 Nbd7 10. 0-0 a6 11. Be3 Qc7 12. Rac1 Be7 13. f3 0-0 14. Rfd1 Rfc8 15. Bf1 Qb8 16. Qf2 Bd8 17. Nb3 Bc6 18. Nd4 Bb7 19. Nce2 Ne5 20. Ng3 d5 21. exd5 exd5 22. b3 Be7 23. Qb2 dxc4 24. bxc4 Bc5 25. Ndf5 Qc7 26. Bxc5 Qxc5+ 27. Qf2 Qxf2+ 28. Kxf2 Rc5 29. Rb1 Ned7 30. Nd6 Bc6 31. Ngf5 Kf8 32. g4 Rb8 33. Be2 Ra5 34. Rd3 Nc5 35. Re3 Bd7 36. Nd4 Ne8 37. Nxe8 Bxe8 38. Nb3 Nxb3 39. Rexb3 b5 40. cxb5 axb5 41. Rc1 Rba8 42. Rcc3 Bd7 43. Re3 Be6 44. Rbc3 Rb8 45. Rc5 Rba8 46. Rcc3 Rb8 47. Rc5 1/2-1/2

[Event "Rhodes Colossus op"]
[Site "Rhodes"]
[Date "2015.09.05"]
[Round "6"]
[White "Schroeder, Jan Christian"]
[Black "Arnason, Jon Loftur"]
[Result "1-0"]
[WhiteElo "2513"]
[BlackElo "2499"]
[PlyCount "81"]
[EventDate "2015.09.01"]
[EventType "swiss"]
[EventRounds "9"]
[EventCountry "GRE"]
[SourceTitle "EXT 2017"]
[Source "ChessBase"]
[SourceDate "2016.10.25"]
[SourceVersion "1"]
[SourceVersionDate "2016.10.25"]
[SourceQuality "1"]

1. e4 c5 2. Nf3 d6 3. d4 cxd4 4. Nxd4 Nf6 5. Nc3 a6 6. Be2 e5 7. Nb3 Be7 8. 0-0 0-0 9. Re1 Nbd7 10. a4 b6 11. Be3 Bb7 12. f3 Rc8 13. Bd3 Rc7 14. Qe2 Qa8 15. Rad1 Rfc8 16. Nd2 Nc5 17. Nc4 Nfd7 18. Bxc5 Rxc5 19. Ne3 g6 20. Ncd5 Re8 21. Nxe7+ Rxe7 22. Bc4 Ra5 23. b3 b5 24. axb5 axb5 25. Bxb5 Ba6 26. Bxa6 Rxa6 27. Nd5 Re6 28. Nc7 Qa7+ 29. Kh1 Qxc7 30. Qxa6 Qxc2 31. b4 Qc3 32. b5 Nc5 33. Qc8+ Kg7 34. b6 Re7 35. Qc6 Rb7 36. Rc1 Qa5 37. Rb1 h5 38. Qxd6 Nb3 39. Qd5 Qxb6 40. Qxe5+ Kh7 41. Qd5 1-0

[Event "Rhodes Colossus op"]
[Site "Rhodes"]
[Date "2015.09.03"]
[Round "4"]
[White "Lenic, Luka"]
[Black "Arnason, Jon Loftur"]
[Result "1/2-1/2"]
[WhiteElo "2639"]
[BlackElo "2499"]
[PlyCount "258"]
[EventDate "2015.09.01"]
[EventType "swiss"]
[EventRounds "9"]
[EventCountry "GRE"]
[SourceTitle "EXT 2017"]
[Source "ChessBase"]
[SourceDate "2016.10.25"]
[SourceVersion "1"]
[SourceVersionDate "2016.10.25"]
[SourceQuality "1"]

1. d4 Nf6 2. c4 e6 3. Nc3 Bb4 4. e3 0-0 5. Bd3 d5 6. Nf3 b6 7. cxd5 exd5 8. 0-0 Bb7 9. a3 Bd6 10. b4 a6 11. Qb3 Re8 12. a4 Nbd7 13. Ba3 g6 14. b5 Bxa3 15. Rxa3 Qe7 16. Ra2 Rec8 17. bxa6 Bxa6 18. Bxa6 Rxa6 19. Nxd5 Nxd5 20. Qxd5 Rca8 21. Qc6 R8a7 22. Nd2 Qe6 23. Qxe6 fxe6 24. Rfa1 c5 25. h3 cxd4 26. exd4 Nf6 27. Nb3 Ra8 28. a5 Nd7 29. Ra4 e5 30. Re1 exd4 31. Rxd4 Nf8 32. axb6 Rxb6 33. Nc5 Rc8 34. Ne4 Rbc6 35. Re3 R8c7 36. g3 Ne6 37. Rd5 Nf8 38. h4 Re6 39. Rd4 Nd7 40. Ra3 Kg7 41. Kg2 Rec6 42. Ng5 Nf8 43. Re4 Rb7 44. Rae3 Rc8 45. Re7+ Rxe7 46. Rxe7+ Kg8 47. Ne4 Rc6 48. Ra7 h6 49. g4 Nh7 50. g5 hxg5 51. hxg5 Rb6 52. Kg3 Rb4 53. f3 Rb5 54. Kg4 Rf5 55. f4 Rb5 56. Kf3 Rb3+ 57. Ke2 Rb8 58. Ke3 Rb4 59. Kd3 Rb5 60. Rc7 Rd5+ 61. Ke3 Rf5 62. Rc8+ Kg7 63. Nc5 Nf8 64. Rc7+ Kg8 65. Ke4 Kh8 66. Rc6 Kg7 67. Nb3 Rf7 68. Nd4 Re7+ 69. Kd5 Rf7 70. Ke4 Re7+ 71. Kf3 Rd7 72. Nb5 Rd1 73. Nc3 Rd7 74. Ke3 Re7+ 75. Kd3 Rf7 76. Nd5 Nh7 77. Ke4 Nf8 78. Ke5 Rd7 79. Rc8 Kf7 80. Rc6 Ra7 81. Rf6+ Kg7 82. Rd6 Ra1 83. Nc3 Ra5+ 84. Ke4 Kf7 85. Rf6+ Kg7 86. Rc6 Ra7 87. Nd5 Nd7 88. Kf3 Ra3+ 89. Kg4 Ra7 90. Ne7 Nf8 91. Nc8 Rd7 92. Nd6 Ra7 93. Kf3 Ne6 94. Nf5+ Kf7 95. Nh6+ Ke7 96. Rc4 Ra5 97. Re4 Ra1 98. Rb4 Rf1+ 99. Ke3 Re1+ 100. Kf2 Rd1 101. Ke3 Re1+ 102. Kf2 Rd1 103. Rb7+ Ke8 104. f5 gxf5 105. g6 Rd7 106. Rb6 Ng7 107. Kf3 Rd4 108. Rf6 Rd1 109. Rf7 Ne6 110. Rf6 Ng7 111. Kg2 Rd2+ 112. Kh3 Rd1 113. Kg2 Rd2+ 114. Kg1 Rd1+ 115. Kf2 Rd2+ 116. Ke3 Rg2 117. Kf3 Rg1 118. Ra6 Ke7 119. Ng8+ Kf8 120. Nf6 Ne8 121. Nh5 Rg4 122. Nf4 Kg7 123. Ra7+ Kf6 124. Ra6+ Kg5 125. Nh3+ Kh6 126. Nf4 Kg5 127. Ne6+ Kxg6 128. Nc7+ Kf7 129. Nxe8 Kxe8 1/2-1/2

[Event "Rhodes Colossus op"]
[Site "Rhodes"]
[Date "2015.09.02"]
[Round "2"]
[White "Fischer, Gerd"]
[Black "Arnason, Jon Loftur"]
[Result "0-1"]
[WhiteElo "1922"]
[BlackElo "2499"]
[PlyCount "54"]
[EventDate "2015.09.01"]
[EventType "swiss"]
[EventRounds "9"]
[EventCountry "GRE"]
[SourceTitle "EXT 2017"]
[Source "ChessBase"]
[SourceDate "2016.10.25"]
[SourceVersion "1"]
[SourceVersionDate "2016.10.25"]
[SourceQuality "1"]

1. Nf3 c5 2. b3 d5 3. e3 Nc6 4. Bb2 a6 5. Be2 Bf5 6. d3 Qc7 7. Nbd2 Rd8 8. Qc1 e5 9. e4 Bc8 10. 0-0 Nge7 11. Re1 Ng6 12. Bf1 Be7 13. g3 0-0 14. Bg2 Be6 15. h4 f6 16. Nf1 dxe4 17. dxe4 c4 18. Ne3 b5 19. bxc4 bxc4 20. Ba3 Qa5 21. Bxe7 Ngxe7 22. Rd1 c3 23. Bf1 Nd4 24. Ne1 f5 25. exf5 Nexf5 26. Bd3 Nd6 27. a4 Ne4 0-1

[Event "ISL-ch"]
[Site "Reykjavik"]
[Date "2015.05.23"]
[Round "10"]
[White "Arnason, Jon Loftur"]
[Black "Gretarsson, Hjorvar Steinn"]
[Result "1/2-1/2"]
[WhiteElo "2499"]
[BlackElo "2561"]
[PlyCount "159"]
[EventDate "2015.05.14"]
[EventType "tourn"]
[EventRounds "11"]
[EventCountry "ISL"]
[EventCategory "9"]
[SourceTitle "CBM 166 Extra"]
[Source "ChessBase"]
[SourceDate "2015.06.18"]
[SourceVersion "1"]
[SourceVersionDate "2015.06.18"]
[SourceQuality "1"]

1. e4 c5 2. Nf3 d6 3. d4 cxd4 4. Nxd4 Nf6 5. Nc3 a6 6. Bg5 Nbd7 7. Bc4 e6 8. a4 Qa5 9. Qd2 Be7 10. Ba2 h6 11. Be3 Ng4 12. Nb3 Qc7 13. Bd4 Nge5 14. Qe2 Bf6 15. Nd2 Nc5 16. 0-0 Ned7 17. Bxf6 Nxf6 18. Nc4 0-0 19. Rfd1 Bd7 20. a5 Na4 21. Nxa4 Bxa4 22. Nb6 Qxc2 23. Qxc2 Bxc2 24. Rd2 Bxe4 25. Nxa8 Rxa8 26. Rxd6 Bc6 27. Rd2 Kf8 28. Rc1 Ke7 29. Bc4 Ne4 30. Rdd1 Nf6 31. Be2 Nd5 32. Bf3 Kd6 33. Rd4 Rb8 34. Rdc4 Kd7 35. Bxd5 exd5 36. Rf4 f6 37. f3 Kd6 38. Kf2 Bd7 39. h4 Re8 40. Rc2 Bb5 41. h5 Bd7 42. Rb4 Bb5 43. Rg4 Re7 44. Rd4 Re8 45. Rcd2 Bc6 46. g4 Rb8 47. Kg3 b6 48. axb6 Rxb6 49. Kf4 a5 50. Kf5 Ke7 51. Rxd5 Bxd5 52. Rxd5 a4 53. Ra5 Kf7 54. Ra7+ Kg8 55. Kg6 f5+ 56. Kxf5 Rxb2 57. Rxa4 Rb5+ 58. Kf4 Kf7 59. Rd4 Kf6 60. Rd6+ Ke7 61. Rc6 Kf7 62. Ke4 Rb4+ 63. Ke5 Rb5+ 64. Kd4 Rb1 65. Rc5 Kf6 66. Rf5+ Ke6 67. Ke3 Rb3+ 68. Kf4 Rb4+ 69. Kg3 Ke7 70. f4 Ke6 71. Rc5 Rb3+ 72. Kf2 Rb2+ 73. Kf3 Rb3+ 74. Ke4 Rb4+ 75. Ke3 Rb3+ 76. Kd4 Rg3 77. Rc6+ Kf7 78. Rg6 Ra3 79. g5 hxg5 80. Rxg5 1/2-1/2

[Event "ISL-ch"]
[Site "Reykjavik"]
[Date "2015.05.17"]
[Round "4"]
[White "Sigfusson, Sigurdur Dadi"]
[Black "Arnason, Jon Loftur"]
[Result "0-1"]
[WhiteElo "2319"]
[BlackElo "2499"]
[PlyCount "114"]
[EventDate "2015.05.14"]
[EventType "tourn"]
[EventRounds "11"]
[EventCountry "ISL"]
[EventCategory "9"]
[SourceTitle "CBM 166 Extra"]
[Source "ChessBase"]
[SourceDate "2015.06.18"]
[SourceVersion "1"]
[SourceVersionDate "2015.06.18"]
[SourceQuality "1"]

1. e4 c5 2. Nf3 d6 3. d4 cxd4 4. Nxd4 Nf6 5. Nc3 a6 6. Bg5 Nbd7 7. Qe2 b5 8. f4 e5 9. fxe5 dxe5 10. 0-0-0 Qb6 11. Nd5 Nxd5 12. exd5 Bb7 13. Nc6 Bd6 14. Kb1 0-0 15. Ne7+ Kh8 16. Nf5 f6 17. Bd2 Rf7 18. Ba5 Qxa5 19. Nxd6 Rff8 20. Nxb7 Qb6 21. g4 Qxb7 22. Bg2 Qb6 23. Rd3 Rac8 24. Rh3 g6 25. Be4 Rg8 26. Qd2 Rg7 27. c3 Rc4 28. Qe2 Qd6 29. Rd1 Nc5 30. Bc2 Rf4 31. Re3 Re7 32. Rd4 Ne6 33. Rd1 Ng7 34. h4 f5 35. h5 Rxg4 36. hxg6 Rxg6 37. a4 bxa4 38. Bxa4 e4 39. c4 Qc5 40. Rb3 h6 41. Rb8+ Kh7 42. Bc6 Rg1 43. b4 Rxd1+ 44. Qxd1 Qd6 45. Rb6 e3 46. Qe2 f4 47. Qc2+ Qg6 48. Ba4 Qxc2+ 49. Bxc2+ Kg8 50. Bd1 e2 51. Bxe2 Rxe2 52. d6 Rd2 53. Rxa6 f3 54. Ra8+ Kf7 55. Ra3 f2 56. Rf3+ Ke6 57. Kc1 Ra2 0-1

[Event "ISL-ch"]
[Site "Reykjavik"]
[Date "2015.05.16"]
[Round "3"]
[White "Arnason, Jon Loftur"]
[Black "Danielsen, Henrik"]
[Result "1/2-1/2"]
[WhiteElo "2499"]
[BlackElo "2520"]
[PlyCount "84"]
[EventDate "2015.05.14"]
[EventType "tourn"]
[EventRounds "11"]
[EventCountry "ISL"]
[EventCategory "9"]
[SourceTitle "CBM 166 Extra"]
[Source "ChessBase"]
[SourceDate "2015.06.18"]
[SourceVersion "1"]
[SourceVersionDate "2015.06.18"]
[SourceQuality "1"]

1. e4 d6 2. Nc3 Nf6 3. f4 g6 4. Nf3 Bg7 5. d4 0-0 6. Bd3 Nc6 7. Bb5 e6 8. e5 Nd5 9. Ne4 f5 10. Nf2 Bd7 11. a4 a6 12. Be2 b5 13. c3 Nce7 14. axb5 axb5 15. Bd2 Bh6 16. Nd3 Nb6 17. b3 Rxa1 18. Qxa1 Qa8 19. Kf2 Qb7 20. Qb2 Ra8 21. Ra1 Ra7 22. Bc1 Ned5 23. Bd2 Qa8 24. Rxa7 Qxa7 25. h3 Qa8 26. g4 Bf8 27. Kg3 Be7 28. Nc1 dxe5 29. Nxe5 Nf6 30. Bf3 Ne4+ 31. Kg2 Bc8 32. c4 bxc4 33. bxc4 Ba3 34. Qa2 Bb7 35. c5 Bd5 36. Qc2 Nxd2 37. Qxd2 Nc4 38. Nxc4 Bxf3+ 39. Kg3 Bd5 40. Qc3 Bxc1 41. Qxc1 Qa4 42. Qb2 Qxc4 1/2-1/2